[Event "SVK-ch U2400"]
[Site "Liptovsky Jan"]
[Date "2025.06.15"]
[Round "7"]
[White "Ihnat, Marek"]
[Black "Hornacek, Tomas"]
[Result "1/2-1/2"]
[WhiteElo "1629"]
[BlackElo "1528"]
[PlyCount "50"]
[EventDate "2025.06.12"]
[EventType "swiss"]
[EventRounds "8"]
[EventCountry "SVK"]
[SourceTitle "CB25_2025"]
[SourceDate "2025.06.18"]
[SourceVersion "1"]
[SourceVersionDate "2025.06.18"]
[SourceQuality "1"]

1. e4 d6 2. d4 Nf6 3. Nc3 g6 4. Bg5 Bg7 5. f4 0-0 6. Be2 c6 7. Nf3 b5 8. a3 a6 9. 0-0 Nbd7 10. e5 dxe5 11. dxe5 Ng4 12. Qd2 Qb6+ 13. Qd4 e6 14. h3 Ne3 15. Qxb6 Nxb6 16. Rfc1 Nbd5 17. Nxd5 exd5 18. Kf2 Nc4 19. b3 Nb6 20. Re1 Bf5 21. Nd4 Bd7 22. Be7 Rfe8 23. Bc5 Nc8 24. Rad1 Ne7 25. Bf3 Nf5 1/2-1/2

[Event "SVK-ch U2400"]
[Site "Liptovsky Jan"]
[Date "2025.06.15"]
[Round "8"]
[White "Ihnat, Marek"]
[Black "Livnansky, Michal"]
[Result "1-0"]
[WhiteElo "1629"]
[BlackElo "1915"]
[PlyCount "129"]
[EventDate "2025.06.12"]
[EventType "swiss"]
[EventRounds "8"]
[EventCountry "SVK"]
[SourceTitle "CB25_2025"]
[SourceDate "2025.06.18"]
[SourceVersion "1"]
[SourceVersionDate "2025.06.18"]
[SourceQuality "1"]

1. e4 c5 2. Nf3 d6 3. d4 cxd4 4. Nxd4 Nf6 5. Nc3 a6 6. h3 e5 7. Nde2 Be6 8. g4 Be7 9. Bg2 0-0 10. Ng3 Nc6 11. Be3 Na5 12. Nf5 Nc4 13. Bc1 Rc8 14. 0-0 b5 15. Nxe7+ Qxe7 16. Nd5 Bxd5 17. exd5 Qc7 18. Re1 Qc5 19. g5 Nd7 20. Re2 f6 21. b3 Na3 22. Be3 Qc3 23. Rc1 fxg5 24. Bxg5 Nf6 25. Bd2 Qd4 26. c3 Qb6 27. Be3 Qb7 28. Qd2 a5 29. Qb2 b4 30. c4 Nh5 31. Rce1 Nf4 32. Bxf4 Rxf4 33. Re4 Rcf8 34. Rxf4 Rxf4 35. Qd2 Qf7 36. Be4 Qh5 37. Kh2 Qh4 38. f3 Qf6 39. Rg1 g6 40. Qe3 Rh4 41. Rg3 Qf4 42. Qxf4 Rxf4 43. Kg2 Kf7 44. Rg4 Rf6 45. Kg3 h6 46. f4 exf4+ 47. Rxf4 Rxf4 48. Kxf4 Kf6 49. h4 g5+ 50. hxg5+ hxg5+ 51. Kg4 a4 52. Bd3 axb3 53. axb3 Ke5 54. Kxg5 Kd4 55. Bg6 Kc3 56. c5 dxc5 57. d6 Nb5 58. d7 Nd4 59. Bf7 Nc6 60. Kf6 Kd4 61. Bc4 Ke4 62. Ke6 Nd8+ 63. Ke7 Nc6+ 64. Kd6 Nd8 65. Kc7 1-0

[Event "SVK-ch U2400"]
[Site "Liptovsky Jan"]
[Date "2025.06.14"]
[Round "6"]
[White "Gyoni, Gergely"]
[Black "Ihnat, Marek"]
[Result "1-0"]
[WhiteElo "1778"]
[BlackElo "1629"]
[PlyCount "67"]
[EventDate "2025.06.12"]
[EventType "swiss"]
[EventRounds "8"]
[EventCountry "SVK"]
[SourceTitle "CB25_2025"]
[SourceDate "2025.06.18"]
[SourceVersion "1"]
[SourceVersionDate "2025.06.18"]
[SourceQuality "1"]

1. d4 d5 2. c4 e6 3. Nc3 Nf6 4. Nf3 c6 5. Bg5 Nbd7 6. e3 Qa5 7. Qd2 dxc4 8. Bxf6 Nxf6 9. Bxc4 Bb4 10. Rc1 0-0 11. 0-0 Ne4 12. Qc2 Nxc3 13. bxc3 Bd6 14. e4 b5 15. Bd3 g6 16. e5 Ba3 17. Rce1 Bb7 18. Qd2 c5 19. Be4 Bxe4 20. Rxe4 cxd4 21. Qh6 Be7 22. cxd4 Rfd8 23. Ng5 Bxg5 24. Qxg5 h5 25. Qh6 Qb4 26. Rd1 Rac8 27. g4 hxg4 28. Rxg4 Qf8 29. Qh3 Rc2 30. Rd3 Qb4 31. Qf3 Rxa2 32. Qf6 Qe1+ 33. Kg2 Qf1+ 34. Kxf1 1-0

[Event "SVK-ch U2300"]
[Site "Liptovsky Jan"]
[Date "2024.06.16"]
[Round "4"]
[White "Ihnat, Marek"]
[Black "Palka, Miroslav"]
[Result "0-1"]
[WhiteElo "1654"]
[BlackElo "1768"]
[PlyCount "68"]
[EventDate "2024.06.15"]
[EventType "swiss"]
[EventRounds "8"]
[EventCountry "SVK"]
[SourceTitle "CBM 220 Extra"]
[Source "ChessBase"]
[SourceDate "2024.07.31"]
[SourceVersion "1"]
[SourceVersionDate "2024.07.31"]
[SourceQuality "1"]

1. e4 c5 2. c3 d6 3. d4 cxd4 4. cxd4 g6 5. Nc3 Bg7 6. Bc4 Nf6 7. Nge2 0-0 8. 0-0 Nc6 9. h3 a6 10. Bg5 b5 11. Bxf6 Bxf6 12. Bd5 Bd7 13. Bxc6 Bxc6 14. d5 Bd7 15. a3 Qb6 16. Rc1 Rac8 17. b4 Rc4 18. Qd2 Rfc8 19. Na2 Rxe4 20. Rxc8+ Bxc8 21. Rc1 Rc4 22. Rxc4 bxc4 23. Nac3 Bd7 24. Qh6 a5 25. bxa5 Qxa5 26. Qc1 Bg7 27. g4 e6 28. dxe6 Bxe6 29. Qb2 d5 30. Kg2 h6 31. f4 d4 32. Qb8+ Kh7 33. Nb5 Qd2 34. Kf1 d3 0-1

[Event "Liptovsky Jan op"]
[Site "Liptovsky Jan"]
[Date "2022.06.25"]
[Round "4"]
[White "Ihnat, Marek"]
[Black "Subjakova, Kristina"]
[Result "0-1"]
[WhiteElo "1437"]
[BlackElo "1623"]
[PlyCount "76"]
[EventDate "2022.06.23"]
[EventType "swiss"]
[EventRounds "7"]
[EventCountry "SVK"]
[SourceTitle "CBM 209 Extra"]
[Source "ChessBase"]
[SourceDate "2022.09.30"]
[SourceVersion "1"]
[SourceVersionDate "2022.09.30"]
[SourceQuality "1"]

1. e4 e5 2. Nf3 Nc6 3. Bb5 a6 4. Ba4 Nf6 5. 0-0 d6 6. h3 Nxe4 7. d4 Bd7 8. Re1 Nf6 9. Bxc6 Bxc6 10. dxe5 dxe5 11. Rxe5+ Be7 12. Qe2 Bb5 13. Qe1 Bc4 14. b3 Be6 15. Ng5 Bc8 16. Ba3 Ng8 17. Nf3 f6 18. Re3 Kf7 19. Bb2 Bc5 20. Re2 Bf5 21. a3 Ne7 22. b4 Bd6 23. Nc3 Re8 24. Rd1 Nc6 25. Nd5 Bxc2 26. Rdd2 Rxe2 27. Rxe2 Bg6 28. Qc3 Kf8 29. Rd2 Be4 30. Nf4 Qe7 31. Nd5 Qd7 32. Nxf6 gxf6 33. Qxf6+ Kg8 34. Qh8+ Kf7 35. Qxa8 Bxf3 36. gxf3 Bh2+ 37. Kxh2 Qxd2 38. Qh8 Qxf2+ 0-1

[Event "Liptovsky Jan op"]
[Site "Liptovsky Jan"]
[Date "2022.06.24"]
[Round "3.41"]
[White "Krestian, Darius"]
[Black "Ihnat, Marek"]
[Result "1-0"]
[WhiteElo "1667"]
[BlackElo "1437"]
[PlyCount "53"]
[EventDate "2022.06.23"]
[EventType "swiss"]
[EventRounds "7"]
[EventCountry "SVK"]
[SourceTitle "CBM 209 Extra"]
[Source "ChessBase"]
[SourceDate "2022.09.30"]
[SourceVersion "1"]
[SourceVersionDate "2022.09.30"]
[SourceQuality "1"]

1. d4 d5 2. Nf3 e6 3. c4 Nf6 4. Nc3 c6 5. Bg5 Nbd7 6. e3 Qa5 7. Nd2 Bb4 8. Qc2 dxc4 9. Bxf6 Nxf6 10. Nxc4 Qc7 11. Bd3 0-0 12. Ne5 Bd6 13. f4 h6 14. 0-0-0 Nd5 15. Nxd5 cxd5 16. Qxc7 Bxc7 17. h4 Bxe5 18. fxe5 Bd7 19. g4 Rac8+ 20. Kb1 f5 21. exf6 Rxf6 22. g5 Rf2 23. gxh6 gxh6 24. Rhg1+ Kh8 25. Rg6 Rh2 26. Rxh6+ Kg7 27. Rh7+ 1-0

[Event "Liptovsky Jan Slovak op U2200"]
[Site "Liptovsky Jan"]
[Date "2021.06.20"]
[Round "7"]
[White "Ihnat, Marek"]
[Black "Vozarova, Adriana"]
[Result "1/2-1/2"]
[WhiteElo "1472"]
[BlackElo "1775"]
[PlyCount "42"]
[EventDate "2021.06.17"]
[EventType "swiss"]
[EventRounds "7"]
[EventCountry "SVK"]
[SourceTitle "CBM 203 Extra"]
[Source "ChessBase"]
[SourceDate "2021.09.30"]
[SourceVersion "1"]
[SourceVersionDate "2021.09.30"]
[SourceQuality "1"]

1. e4 c5 2. c3 Nc6 3. d4 cxd4 4. cxd4 d5 5. exd5 Qxd5 6. Nf3 Bg4 7. Be2 Nf6 8. Nc3 Qd8 9. h3 Bxf3 10. Bxf3 e6 11. 0-0 Be7 12. d5 exd5 13. Nxd5 Nxd5 14. Bxd5 0-0 15. b3 Bf6 16. Rb1 Qa5 17. Bxc6 bxc6 18. Qc2 Rac8 19. Be3 Rfd8 20. Rfd1 Qc7 21. Qc5 Rd7 1/2-1/2

[Event "Drienica Saris op"]
[Site "Drienica"]
[Date "2020.08.13"]
[Round "7"]
[White "Lehocz, Jozsef"]
[Black "Ihnat, Marek"]
[Result "1/2-1/2"]
[WhiteElo "1981"]
[BlackElo "2046"]
[PlyCount "149"]
[EventDate "2020.08.07"]
[EventType "swiss"]
[EventRounds "9"]
[EventCountry "SVK"]
[SourceTitle "CBM 197 Extra"]
[Source "ChessBase"]
[SourceDate "2020.09.30"]
[SourceVersion "1"]
[SourceVersionDate "2020.09.30"]
[SourceQuality "1"]

1. e4 c5 2. Nf3 d6 3. Bb5+ Bd7 4. Bxd7+ Qxd7 5. d4 cxd4 6. Nxd4 Nf6 7. f3 g6 8. c4 Nc6 9. Be3 Bg7 10. Nc3 0-0 11. Qd2 Rac8 12. b3 a6 13. Rd1 Nxd4 14. Bxd4 b5 15. cxb5 axb5 16. 0-0 b4 17. Na4 Qb5 18. Nb6 Rc6 19. Nc4 Ra8 20. Qb2 Rca6 21. Ra1 Ne8 22. Bxg7 Nxg7 23. Rfd1 Qc5+ 24. Kh1 Ne6 25. Rd5 Qa7 26. Rd2 Nc7 27. Qc2 Nb5 28. Qd3 Qc5 29. h3 Qg5 30. Ne3 Qe5 31. Rf1 Rxa2 32. Rxa2 Rxa2 33. Nd5 Qb2 34. Rg1 Nd4 35. Nxb4 Ra3 36. Rb1 Qf2 37. Rf1 Qe2 38. Qxe2 Nxe2 39. Rf2 Nd4 40. Nd5 Kf8 41. b4 Rb3 42. Rd2 Nb5 43. Kh2 h5 44. Rc2 e6 45. Rc8+ Kg7 46. Rb8 exd5 47. Rxb5 dxe4 48. fxe4 Re3 49. Rd5 Rxe4 50. b5 Rb4 51. Rxd6 Rxb5 52. h4 Rf5 53. g3 g5 54. Kh3 g4+ 55. Kg2 Re5 56. Kf2 Ra5 57. Rd2 Ra3 58. Rb2 Ra8 59. Rb3 Kg6 60. Ke3 Ra6 61. Rc3 Rf6 62. Ke4 Rf1 63. Ra3 Re1+ 64. Kf4 Rf1+ 65. Ke4 f5+ 66. Ke5 Rf3 67. Ra6+ Kf7 68. Ra7+ Ke8 69. Ke6 Kd8 70. Rd7+ Kc8 71. Rh7 f4 72. gxf4 Rxf4 73. Rxh5 g3 74. Rg5 Rxh4 75. Rxg3 1/2-1/2

[Event "SVK-ch rapid"]
[Site "Topolcany"]
[Date "2020.07.11"]
[Round "1"]
[White "Jablonicky, Martin"]
[Black "Ihnat, Marek"]
[Result "1-0"]
[WhiteElo "2253"]
[BlackElo "1735"]
[PlyCount "101"]
[EventDate "2020.07.11"]
[EventType "swiss (rapid)"]
[EventRounds "9"]
[EventCountry "SVK"]
[SourceTitle "CBM 197 Extra"]
[Source "ChessBase"]
[SourceDate "2020.09.30"]
[SourceVersion "1"]
[SourceVersionDate "2020.09.30"]
[SourceQuality "1"]

1. d4 Nf6 2. Nf3 g6 3. Bf4 Bg7 4. e3 0-0 5. h3 d6 6. Be2 c5 7. c3 b6 8. 0-0 Bb7 9. Nbd2 Nbd7 10. Bh2 a6 11. a4 Ra7 12. Bd3 Qa8 13. Qe2 Ne4 14. Nxe4 Bxe4 15. Bxe4 Qxe4 16. Nd2 Qa8 17. Rfd1 Rc8 18. Nf3 Rac7 19. d5 Qb7 20. e4 Ra8 21. Rd2 Qb8 22. e5 Nxe5 23. Nxe5 Bxe5 24. Bxe5 dxe5 25. Qxe5 Rd7 26. Qg5 Qd8 27. c4 e6 28. Qe5 exd5 29. Rxd5 Rxd5 30. cxd5 Ra7 31. d6 Rd7 32. Rd1 c4 33. Rd4 b5 34. axb5 axb5 35. Qxb5 Rxd6 36. Rxd6 Qxd6 37. Qxc4 Qd1+ 38. Kh2 Qd6+ 39. g3 Qb6 40. Qc8+ Kg7 41. Qc3+ Kg8 42. Kg1 h5 43. h4 Qd6 44. b4 Qd1+ 45. Kh2 Qe2 46. Qc5 Kg7 47. b5 f6 48. b6 g5 49. b7 gxh4 50. b8Q hxg3+ 51. Qxg3+ 1-0

[Event "SVK-chT1E 1819"]
[Site "Slovakia"]
[Date "2019.03.17"]
[Round "11.8"]
[White "Ihnat, Marek"]
[Black "Gyerpal, Adrian"]
[Result "0-1"]
[WhiteElo "1495"]
[BlackElo "2030"]
[PlyCount "46"]
[EventDate "2018.10.27"]
[EventType "team-tourn"]
[EventRounds "11"]
[EventCountry "SVK"]
[SourceTitle "CBM 189 Extra"]
[Source "ChessBase"]
[SourceDate "2019.05.31"]
[SourceVersion "1"]
[SourceVersionDate "2019.05.31"]
[SourceQuality "1"]
[WhiteTeam "Michalovce Zemplin"]
[BlackTeam "Banska Bystrica Junior"]
[WhiteTeamCountry "SVK"]
[BlackTeamCountry "SVK"]

1. e4 c5 2. Nf3 Nc6 3. d4 cxd4 4. Nxd4 g6 5. c4 Bg7 6. Nc2 Nf6 7. Nc3 d6 8. Bd2 0-0 9. Be2 b6 10. 0-0 Bb7 11. Be3 Rc8 12. Rc1 Na5 13. b3 Nxe4 14. Nb5 a6 15. Nbd4 e5 16. Nf3 Nc3 17. Qd2 Nxa2 18. Rb1 Bxf3 19. Bxf3 e4 20. Nd4 exf3 21. Qxa2 Bxd4 22. Bxd4 Qg5 23. g3 Qg4 0-1

[Event "Banska Stiavnica V4 op"]
[Site "Banska Stiavnica"]
[Date "2018.07.14"]
[Round "8"]
[White "Ihnat, Marek"]
[Black "Dylag, Emilia"]
[Result "1/2-1/2"]
[WhiteElo "1459"]
[BlackElo "1989"]
[PlyCount "93"]
[EventDate "2018.07.07"]
[EventType "swiss"]
[EventRounds "9"]
[EventCountry "SVK"]
[SourceTitle "CBM 185 Extra"]
[Source "ChessBase"]
[SourceDate "2018.07.29"]
[SourceVersion "1"]
[SourceVersionDate "2018.07.29"]
[SourceQuality "1"]

1. d4 Nf6 2. Bf4 d5 3. e3 e6 4. Nf3 c5 5. c3 Nc6 6. Nbd2 Bd6 7. Bxd6 Qxd6 8. Bd3 0-0 9. 0-0 e5 10. dxe5 Nxe5 11. Nxe5 Qxe5 12. Nf3 Qe7 13. h3 Bd7 14. Qc2 Bc6 15. Rfe1 Rfe8 16. Rad1 Rad8 17. Qe2 a6 18. Qc2 b5 19. Nd2 Qb7 20. Bf1 a5 21. b3 g6 22. Qb2 Re6 23. a3 Qe7 24. Qa1 g5 25. g3 Nh5 26. Bg2 f5 27. Nf3 g4 28. hxg4 fxg4 29. Nh4 Qg5 30. Qb2 Rf8 31. Rd2 Qe5 32. c4 Qxb2 33. Rxb2 dxc4 34. bxc4 Bxg2 35. Nxg2 b4 36. axb4 cxb4 37. Ra1 Rf5 38. Ne1 Rc6 39. Rba2 Rxc4 40. Rxa5 Ng7 41. Rxf5 Nxf5 42. Rb1 Ne7 43. Nd3 Nc6 44. Kf1 Kf7 45. Ke2 Ke6 46. Rb2 Kd6 47. f4 1/2-1/2

[Event "Banska Stiavnica V4 op"]
[Site "Banska Stiavnica"]
[Date "2018.07.13"]
[Round "7"]
[White "Lukac, Roman"]
[Black "Ihnat, Marek"]
[Result "1/2-1/2"]
[WhiteElo "2089"]
[BlackElo "1459"]
[PlyCount "77"]
[EventDate "2018.07.07"]
[EventType "swiss"]
[EventRounds "9"]
[EventCountry "SVK"]
[SourceTitle "CBM 185 Extra"]
[Source "ChessBase"]
[SourceDate "2018.07.29"]
[SourceVersion "1"]
[SourceVersionDate "2018.07.29"]
[SourceQuality "1"]

1. e4 c5 2. Nf3 Nc6 3. d4 cxd4 4. Nxd4 g6 5. Nc3 Bg7 6. Be3 Nf6 7. Bc4 0-0 8. Bb3 a5 9. f3 d5 10. Bxd5 Nxd5 11. Nxd5 Rb8 12. c3 e6 13. Nf4 Nxd4 14. cxd4 Qb6 15. Qd2 Rd8 16. Rd1 Qb5 17. Ne2 b6 18. 0-0 Ba6 19. Rfe1 Rd7 20. Nc3 Qb4 21. Qf2 Rbd8 22. e5 f6 23. f4 Bb7 24. Rd2 fxe5 25. fxe5 Rf7 26. Qg3 Rdf8 27. h4 Kh8 28. Ree2 Ba6 29. Rf2 Rxf2 30. Rxf2 Rxf2 31. Qxf2 Qf8 32. Qxf8+ Bxf8 33. d5 exd5 34. Nxd5 Bc4 35. Nc7 Bxa2 36. Bxb6 Bb4 37. Kf2 Kg8 38. Kf3 Kf8 39. g4 1/2-1/2

[Event "SVK-chT1E 1617"]
[Site "Slovakia"]
[Date "2017.03.19"]
[Round "11.8"]
[White "Ihnat, Marek"]
[Black "Brnusak, Tomas"]
[Result "0-1"]
[WhiteElo "1453"]
[BlackElo "1699"]
[PlyCount "64"]
[EventDate "2016.10.15"]
[EventType "team-tourn"]
[EventRounds "11"]
[EventCountry "SVK"]
[SourceTitle "EXT 2019"]
[Source "ChessBase"]
[SourceDate "2018.10.10"]
[SourceVersion "1"]
[SourceVersionDate "2018.10.10"]
[SourceQuality "1"]
[WhiteTeam "Michalovce Zemplin"]
[BlackTeam "Liptov Chess School II"]
[WhiteTeamCountry "SVK"]
[BlackTeamCountry "SVK"]

1. e4 c5 2. Nf3 e6 3. d4 cxd4 4. Nxd4 Nc6 5. Nc3 Qc7 6. Be3 a6 7. Bd3 Nf6 8. 0-0 Bb4 9. Nxc6 bxc6 10. Bd2 Rb8 11. Qe2 a5 12. Kh1 d5 13. e5 Nd7 14. f4 c5 15. Nb5 Qd8 16. Nd6+ Ke7 17. c3 c4 18. cxb4 cxd3 19. Qxd3 axb4 20. Qg3 g6 21. f5 Ba6 22. Rf2 Nxe5 23. Bxb4 Rxb4 24. Qxe5 Qxd6 25. Qxh8 gxf5 26. Qxh7 Qe5 27. Rc1 Re4 28. h3 Re1+ 29. Rxe1 Qxe1+ 30. Kh2 Qxf2 31. Qg7 Qf4+ 32. Kh1 d4 0-1

[Event "World ol U16"]
[Site "Poprad"]
[Date "2016.07.24"]
[Round "4.1"]
[White "Sankova, Stella"]
[Black "Ihnat, Marek"]
[Result "1-0"]
[WhiteElo "1911"]
[BlackElo "1827"]
[PlyCount "55"]
[EventDate "2016.07.22"]
[EventType "team-swiss"]
[EventRounds "9"]
[EventCountry "SVK"]
[SourceTitle "EXT 2017"]
[Source "ChessBase"]
[SourceDate "2016.10.25"]
[SourceVersion "1"]
[SourceVersionDate "2016.10.25"]
[SourceQuality "1"]
[WhiteTeam "Slovakia RSA BB Detva"]
[BlackTeam "Slovakia KSZ"]
[WhiteTeamCountry "SVK"]
[BlackTeamCountry "SVK"]

1. e4 c5 2. Nf3 d6 3. d4 cxd4 4. Nxd4 Nf6 5. Nc3 g6 6. Be3 Bg7 7. f3 0-0 8. Qd2 Nc6 9. Bc4 Bd7 10. Bb3 Nxd4 11. Bxd4 b5 12. a4 bxa4 13. Bxa4 Bxa4 14. Rxa4 Qd7 15. 0-0 Rfc8 16. Rfa1 Rc7 17. R1a2 Ne8 18. Bxg7 Nxg7 19. Nd5 Rb7 20. Ra6 Rab8 21. b3 Ne6 22. Qa5 Nd8 23. Rxa7 Nc6 24. Rxb7 Rxb7 25. Qc3 Ra7 26. Rxa7 Qxa7+ 27. Kf1 Qb7 28. Qxc6 1-0

[Event "SVK-ch U16"]
[Site "Liptovsky Mikulas"]
[Date "2016.04.23"]
[Round "9"]
[White "Ihnat, Marek"]
[Black "Milany, Levente"]
[Result "1-0"]
[WhiteElo "1753"]
[BlackElo "1614"]
[PlyCount "85"]
[EventDate "2016.04.16"]
[EventType "swiss"]
[EventRounds "9"]
[EventCountry "SVK"]
[SourceTitle "CBM 172 Extra"]
[Source "ChessBase"]
[SourceDate "2016.06.21"]
[SourceVersion "1"]
[SourceVersionDate "2016.06.21"]
[SourceQuality "1"]

1. e4 e5 2. Nc3 Nc6 3. Bc4 Nf6 4. d3 Na5 5. Bb3 Nxb3 6. axb3 Bc5 7. f4 d6 8. f5 Bd7 9. Qe2 h6 10. Be3 Bxe3 11. Qxe3 0-0 12. Nf3 Ng4 13. Qe2 Re8 14. h3 Nf6 15. g4 c6 16. 0-0-0 d5 17. Qg2 dxe4 18. dxe4 Nh7 19. h4 g6 20. Rd6 Qe7 21. Rhd1 Nf8 22. Qd2 Red8 23. f6 Qe8 24. Qxh6 Ne6 25. Rxe6 Qf8 26. Qxf8+ Kxf8 27. Red6 Ke8 28. Nxe5 Be6 29. Rxd8+ Rxd8 30. Rxd8+ Kxd8 31. h5 Bxg4 32. Nxf7+ Kd7 33. h6 Ke6 34. h7 Kxf7 35. h8Q Ke6 36. Qc8+ Kd6 37. Qxg4 g5 38. Qc8 g4 39. f7 Kc5 40. f8B+ Kb6 41. Na4+ Kb5 42. Qxb7+ Ka5 43. Bb4# 1-0